خصائص النباتات والأعشاب الطبية / (رقم التسجيلة. 34036)
[ عرض عادي ]
| 000 -الفاتح | |
|---|---|
| حقل البيانات ثابتة الطول | 00694nam a22002057a 4500 |
| 003 - محدد رقم الضبط | |
| رقم الضبط | OSt |
| 005 - وقت وتاريخ اخر تعامل مع التسجيلة | |
| رقم الضبط | 20150408114210.0 |
| 008 - عناصر البيانات ثابتة الطول - معلومات عامة | |
| حقل البيانات ثابتة الطول | 140304s 2011jo a g b 00| 0 ara d |
| 020 ## - الرقم الدولى المعيارى للكتب | |
| الرقم الدولى المعيارى للكتاب | 9789957910174 |
| 040 ## - مصدر الفهرسة | |
| وكالة الفهرسة الأصلية | ma-un |
| 082 ## - رقم تصنيف ديوى العشرى | |
| رقم الطبعة | 21 |
| رقم التصنيف | 615.53 |
| رقم المادة | ق و خ |
| 100 ## - المدخل الرئيسى - إسم شخصى | |
| الإسم الشخصى | قمحية، وليد أمين |
| 245 ## - بيان العنوان | |
| العنوان | خصائص النباتات والأعشاب الطبية / |
| بيان المسئوليه,etc | وليد أمين قمحية. |
| 250 ## - بيان الطبعة | |
| بيان الطبعة | ط. 1. |
| 260 ## - PUBLICATION, DISTRIBUTION, ETC. (IMPRINT) | |
| مكان الناشر او الموزع | عمان، الأردن : |
| اسم الناشر او الموزع | مؤسسة وليد قمحية للتسويق، |
| تاريخ النشر أو التوزيع | 2011 |
| 300 ## - الوصف المادى | |
| التعداد | 567 ص. : |
| تفاصيل ماديه اخرى للوعاء | إيض. ؛ |
| أبعاد الوعاء | 24 سم. |
| 650 ## - المدخل الاضافى بالموضوع-مصطلح موضوعى | |
| مصطلح موضوعي أو اسم جغرافي كعنصر مدخل | النباتات الطبية |
| 9 (RLIN) | 21127 |
| 650 ## - المدخل الاضافى بالموضوع-مصطلح موضوعى | |
| مصطلح موضوعي أو اسم جغرافي كعنصر مدخل | العلاج النباتي |
| 9 (RLIN) | 360 |
| 942 ## - عناصر المدخل الإضافي( كوها) | |
| مصدر التصنيف او مخطط الترفيف | Dewey Decimal Classification |
| Koha [default] item type | كتاب |
| حالة الفقد | نموذج السعر الفعال | حالة تلف | ليس للاعارة | رقم الطلب | تاريخ الاكتساب | الموقع الحالي | الباركود | الفرع الرئيسي | Date last seen | نوع المادة فى نظام كوها | مصدر التصنيف او خطة الترفيف | Total Checkouts |
|---|---|---|---|---|---|---|---|---|---|---|---|---|
| 2014-03-04 | 615.53 ق و خ | 2014-03-04 | المكتبة المركزية بالمجمعة (CL) | 00128025 | المكتبة المركزية بالمجمعة (CL) | 2014-03-04 | كتاب | Dewey Decimal Classification | ||||
| 2014-03-04 | 615.53 ق و خ | 2014-03-04 | المكتبة المركزية بالمجمعة (CL) | 00128026 | المكتبة المركزية بالمجمعة (CL) | 2014-03-04 | كتاب | Dewey Decimal Classification | ||||
| 2014-03-04 | 615.53 ق و خ | 2014-03-04 | المكتبة المركزية بالمجمعة (CL) | 00128027 | المكتبة المركزية بالمجمعة (CL) | 2014-03-04 | كتاب | Dewey Decimal Classification | ||||
| 2014-03-04 | 615.53 ق و خ | 2014-03-04 | مكتبة كلية العلوم الطبية التطبيقية بالمجمعة - طالبات (AMF) | 00128338 | مكتبة كلية العلوم الطبية التطبيقية بالمجمعة - طالبات (AMF) | 2014-03-04 | كتاب | Dewey Decimal Classification | ||||
| 2014-03-04 | 615.53 ق و خ | 2014-03-04 | مكتبة كلية العلوم الطبية التطبيقية بالمجمعة - طالبات (AMF) | 00128339 | مكتبة كلية العلوم الطبية التطبيقية بالمجمعة - طالبات (AMF) | 2014-03-04 | كتاب | Dewey Decimal Classification | ||||
| 2014-03-04 | 615.53 ق و خ | 2014-03-04 | مكتبة مجمع الكليات بالزلفى - طلاب (SZM) | 00128340 | مكتبة مجمع الكليات بالزلفى - طلاب (SZM) | 2014-03-04 | كتاب | Dewey Decimal Classification | ||||
| 2014-03-04 | 615.53 ق و خ | 2014-03-04 | مكتبة مجمع الكليات بالزلفى - طلاب (SZM) | 00128341 | مكتبة مجمع الكليات بالزلفى - طلاب (SZM) | 2014-03-04 | كتاب | Dewey Decimal Classification |
